Harry Potter i Kamień Filozoficzny - Statystyki

Ogólne statystyki
  • Ten quiz został rozwiązany 566 razy
  • Średni wynik to 14 z 15
Statystyki odpowiedzi
Hint Odpowiedź % Poprawnych
Jak ma na imię kuzyn Harry'ego? Dudley
98%
Jak Harry nazwał swoją sowę? Hedwiga
98%
Najzdolniejsza uczennica z roku Harry'ego miała na imię: Hermiona
96%
Imię dyrektora to? Albus
95%
Na jakiej pozycji grał Harry? Szukający
95%
Które lekcje w Hogwarcie Harry uważał za najnudniejsze? Historia Magii
94%
Co Harry dostał od Hagrida na święta? Flet
93%
Jak nazywa się szczur Rona? Parszywek
93%
Harry dostał ją w prezencie na Boże Narodzenie: Peleryna niewidka
93%
Jak Neville nazwał swoją ropuchę? Teodora
93%
Z jakiego drewna wykonana jest różdżka Harry'ego? Ostrokrzewu
91%
Za turbanem krył się: Voldemort
90%
Kto przywozi Harry'ego do Dursley'ów? Hagrid
89%
Co produkuje firma wuja Vernona? Świdry
89%
Kogo Harry spotkał u Madame Malkin? Draco Malfoy
71%
Nie znaleziono quizów pasujących do podanych kryteriów
Rozkład punktacji
Procent ludzi z każdym wynikiem
Percentyl według liczby udzielonych odpowiedzi
Twoja historia wyników
Nie rozwiązałeś tego quizu